Pays qui commencent par les lettres F, R, A, N, C, E - Statistiques

Statistiques générales
  • Ce quiz a été pris 444 fois
  • Le résultat moyen est 38 sur 59
Statistiques - réponses
Hint Réponse % Correct
F Finlande
96%
R République démocratique du {Congo}
96%
F France
95%
R République du {Congo}
95%
F Fidji
86%
A Allemagne
82%
A Albanie
80%
R Rwanda
79%
A Arménie
77%
A Algérie
75%
C Chine
75%
C Canada
72%
E Espagne
72%
R République {Tchèque}
71%
A Afghanistan
70%
A Andorre
70%
R Roumanie
69%
E Estonie
68%
N Namibie
68%
R République {Dominicaine}
68%
A Argentine
67%
A Australie
67%
R Russie
67%
A Azerbaïdjan
66%
N Niger
66%
A Angola
65%
A Autriche
65%
E Érythrée
65%
E États-Unis
64%
E Éthiopie
64%
N Nigeria
64%
N Nicaragua
63%
R République {Centrafricaine}
62%
C Chili
61%
C Corée du Sud
60%
C Cameroun
59%
C Colombie
59%
C Corée du Nord
59%
A Afrique du Sud
58%
N Norvège
58%
C Croatie
57%
N Népal
55%
A Antigua-et-Barbuda
54%
E Émirats arabes unis
54%
E Eswatini
54%
E États Fédérés de {Micronésie}
54%
N Nouvelle-Zélande
53%
E Équateur
52%
A Arabie Saoudite
51%
C Cambodge
51%
C Chypre
50%
C Comores
50%
N Nauru
50%
E Égypte
49%
R Royaume-Uni
49%
C Cuba
45%
C Costa Rica
44%
C Cap-Vert
41%
C Côte d'Ivoire
40%
Aucun quiz correspondant
Distribution des résultats
% des personnes avec chaque résultat
Percentile par nombre de réponses
Votre historique - résultats
Vous n’avez pas pris ce quiz